Teoría y problemas de investigación de operaciones

Furkejuvvon:
Bibliográfalaš dieđut
Váldodahkki: Bronson, Richard (Dahkki)
Materiálatiipa: Girji
Giella:espánnjágiella
Almmustuhtton: Ciudad de México McGraw-Hill 1983
Ráidu:Serie de Compendios Schaum
Fáttát:
Fáddágilkorat: Lasit fáddágilkoriid
Eai fáddágilkorat, Lasit vuosttaš fáddágilkora!

MARC

LEADER 00000nam a2200000 a 4500
001 UCV4559
003 CL-VaPUC
008 880908e19830000MX |||||||||||||||||spa|d
082 0 4 |a 658.403  |b BRO  |2 21 
100 0 |a Bronson, Richard  |e author  |9 298769 
245 1 0 |a Teoría y problemas de investigación de operaciones 
300 |a 324 p 
942 |c BK 
945 |d 19880908 00:00:00 
260 |a Ciudad de México  |b McGraw-Hill  |c 1983 
650 0 |a Investigación operativa  |9 259383 
650 0 |a Programación matemática   |9 260785 
583 |a last modification  |c 20180306 01:36:22  |k Rodrigo Vera 
490 0 |a Serie de Compendios Schaum 
999 |c 211319  |d 211317 
952 |0 0  |1 0  |4 0  |6 658_403000000000000_BRO_1983  |7 0  |8 A  |9 190250  |a BIBMAT  |b BIBMAT  |d 2019-11-14  |i 2579995  |o 658.403 BRO 1983  |p 2579995  |r 2025-01-07  |w 2019-11-14  |y BK  |k MAT 
952 |0 0  |1 0  |4 0  |6 658_403000000000000_BRO_1983  |7 0  |8 A  |9 190251  |a BIBMAT  |b BIBMAT  |d 2019-11-14  |i 2580004  |o 658.403 BRO 1983  |p 2580004  |r 2025-01-07  |w 2019-11-14  |y BK  |k MAT 
952 |0 0  |1 0  |4 0  |6 658_403000000000000_BRO_1983  |7 0  |8 A  |9 190255  |a BIBENE  |b BIBENE  |d 2019-11-14  |i 1945920  |o 658.403 BRO 1983  |p 1945920  |r 2025-01-15  |w 2019-11-14  |y BK  |k ICO 
952 |0 0  |1 0  |4 0  |6 658_403000000000000_BRO_1983  |7 0  |8 A  |9 190256  |a BIBENE  |b BIBENE  |d 2019-11-14  |i 1945874  |o 658.403 BRO 1983  |p 1945874  |r 2025-01-15  |w 2019-11-14  |y BK  |k ICO 
952 |0 0  |1 0  |4 0  |6 658_403000000000000_BRO_1983  |7 0  |8 A  |9 190257  |a BIBENE  |b BIBENE  |d 2019-11-14  |i 1945823  |o 658.403 BRO 1983  |p 1945823  |r 2025-01-15  |w 2019-11-14  |y BK  |k ICO 
952 |0 0  |1 0  |4 0  |6 658_403000000000000_BRO_1983  |7 0  |8 A  |9 190258  |a BIBENE  |b BIBENE  |d 2019-11-14  |i 1945777  |o 658.403 BRO 1983  |p 1945777  |r 2025-01-15  |w 2019-11-14  |y BK  |k ICO 
952 |0 0  |1 0  |4 0  |6 658_403000000000000_BRO_1983  |7 0  |8 A  |9 190259  |a BIBENE  |b BIBENE  |d 2019-11-14  |i 1945726  |o 658.403 BRO 1983  |p 1945726  |r 2025-01-15  |w 2019-11-14  |y BK  |k ICO 
952 |0 0  |1 0  |4 0  |6 658_403000000000000_BRO_1983  |7 0  |8 A  |9 190260  |a BIBENE  |b BIBENE  |d 2019-11-14  |i 194567K  |o 658.403 BRO 1983  |p 194567K  |r 2025-01-15  |w 2019-11-14  |y BK  |k ICO 
952 |0 0  |1 0  |4 0  |6 658_403000000000000_BRO_1983  |7 0  |8 A  |9 190261  |a BIBENE  |b BIBENE  |d 2019-11-14  |i 1945629  |o 658.403 BRO 1983  |p 1945629  |r 2025-01-15  |w 2019-11-14  |y BK  |k ICO 
952 |0 0  |1 0  |4 0  |6 658_403000000000000_BRO_1983  |7 0  |8 A  |9 190262  |a BIBENE  |b BIBENE  |d 2019-11-14  |i 1945572  |o 658.403 BRO 1983  |p 1945572  |r 2025-01-15  |w 2019-11-14  |y BK  |k ICO